Introducción a la mecánica de los fluidos
Kaydedildi:
| Yazar: | |
|---|---|
| Materyal Türü: | Kitap |
| Dil: | İspanyolca |
| Baskı/Yayın Bilgisi: |
Ciudad de México
Limusa
1978
|
| Seri Bilgileri: | Colección Ciencias del ingeniero
|
| Konular: | |
| Etiketler: |
Etiketle
Etiket eklenmemiş, İlk siz ekleyin!
|
MARC
| LEADER | 00000nam a2200000 a 4500 | ||
|---|---|---|---|
| 001 | UCV4711 | ||
| 003 | CL-VaPUC | ||
| 008 | 910724e19780000MX |||||||||||||||||spa|d | ||
| 082 | 0 | 4 | |a 532 |b ROC |2 21 |
| 100 | 0 | |a Roca Vila, Raclus |e author |9 298904 | |
| 245 | 1 | 0 | |a Introducción a la mecánica de los fluidos |
| 300 | |a 498 p | ||
| 942 | |c BK | ||
| 945 | |d 19910724 00:00:00 |a mfernand | ||
| 260 | |a Ciudad de México |b Limusa |c 1978 | ||
| 650 | 0 | |a Mecánica de fluidos |9 259464 | |
| 583 | |a last modification |c 19910724 00:00:00 |k Rodrigo Vera | ||
| 490 | 0 | |a Colección Ciencias del ingeniero | |
| 999 | |c 211413 |d 211411 | ||
| 952 | |0 0 |1 0 |2 ddc |4 0 |6 532_000000000000000_ROC_1978 |7 0 |8 CCM |9 190646 |a BIBCUR |b BIBCUR |c PAC |d 2019-11-14 |i 297701K |o 532 ROC 1978 |p 297701K |r 2025-04-22 |w 2019-11-14 |y BK |k CIM | ||
| 952 | |0 0 |1 0 |4 0 |6 532_000000000000000_ROC_1978 |7 0 |8 A |9 190647 |a BIBCUR |b BIBCUR |d 2019-11-14 |i 3129276 |l 1 |o 532 ROC 1978 |p 3129276 |r 2025-04-22 |s 2023-08-29 |w 2019-11-14 |y BK |k BCB | ||
| 952 | |0 0 |1 0 |4 0 |6 532_000000000000000_ROC_1978 |7 0 |8 A |9 190648 |a BIBCUR |b BIBCUR |d 2019-11-14 |i 3129284 |l 1 |o 532 ROC 1978 |p 3129284 |r 2025-04-22 |s 2023-09-26 |w 2019-11-14 |y BK |k BCB | ||
| 952 | |0 0 |1 0 |4 0 |6 532_000000000000000_ROC_1978 |7 0 |8 A |9 190649 |a BIBCUR |b BIBCUR |d 2019-11-14 |i 3129292 |l 2 |o 532 ROC 1978 |p 3129292 |r 2025-04-22 |s 2023-09-12 |w 2019-11-14 |y BK |k BCB | ||
| 952 | |0 0 |1 0 |4 0 |6 532_000000000000000_ROC_1978 |7 0 |8 A |9 190650 |a BIBCUR |b BIBCUR |d 2019-11-14 |i 3129306 |o 532 ROC 1978 |p 3129306 |r 2025-04-22 |w 2019-11-14 |y BK |k BCB | ||